000 00346nam a2200133Ia 4500
005 20251222143255.0
008 251222s9999||||xx |||||||||||||| ||spa||
020 _a84-7490-660-1
082 _a227.2/G24
100 _aGarcía Pérez, José Miguel
245 0 _aLa Catequesis más consoladora de San Pablo:
264 _bEncuentro
942 _cLIB
999 _c15128
_d15128